000 00999cab a2200277 4500
001 ABS53913
008 090401t1995 xxu||||| |||| 00| 0 eng d
035 _a(Sirsi) u7362
041 _aeng
100 _aBrown, G.R.
245 _aUsing commercial property indices for measuring portfolio performance
260 _c1995
350 _a0
490 _aJournal of Property Finance
_v6(3) October 1995, 27-38(12)
520 _aCompares different commercial property indices, errors that are caused by different interpretations and collations and the implications which result from the difference in the assessment of performance. References.
650 _aCONSISTENCY
650 _aPERFORMANCE MEASUREMENT
650 _aPORTFOLIO PERFORMANCE
650 _aPROPERTY INDICES
650 _aPROPERTY RESEARCH
650 _aSTATISTICS
690 _aPROPERTY-COMMERCIAL PROPERTY-COMMERCIAL PROPERTY FINANCE AND INVESTMENT
700 _aMatysiak, G.A.
942 _n0
948 _c04/03/1997
999 _c4441
_d4441